Normal view
MARC view
- رسوم الاطفال-الرسم من الذاكرة
Entry Topical Term
001 - CONTROL NUMBER
- control field: 34614
003 - CONTROL NUMBER IDENTIFIER
- control field: JO-AjAnu
005 - DATE AND TIME OF LATEST TRANSACTION
- control field: 20230606075809.0
008 - FIXED-LENGTH DATA ELEMENTS
- fixed length control field: 230606|| aca||aabn | a|a d
040 ## - CATALOGING SOURCE
- Original cataloging agency: JO-AjAnu
- Transcribing agency: JO-AjAnu
150 ## - HEADING--TOPICAL TERM
- Topical term or geographic name entry element: رسوم الاطفال-الرسم من الذاكرة
670 ## - SOURCE DATA FOUND
- Source citation: Work cat.: (JO-AjAnu)17778: الهوريتز ،البسيوني،محمود, author 34613, الذاكرة والخبرة: دراسة مقارنة لرسوم الاطفال من تايوان-وقطر-والولايات المتحدة =Memory and Experience:Thematic Drawing by Taiwanese-Qatari and American Children